000 01753cam a2200169 4500500
005 20260412000225.0
041 _afre
042 _adc
100 1 0 _aLlantia, Camille
_eauthor
700 1 0 _ade Kernier, Nathalie
_eauthor
245 0 0 _aParricidal fantasies and accession to masculinity: Considerations based on the case of a suicidal adolescent
260 _c2026.
500 _a16
520 _aThis article examines the role of parricidal fantasies in adolescent boys and their potential role in suicidal behavior. Drawing on a clinical case from an ongoing research project on gender and adolescent suicide, we explore how these fantasies generate intense identificatory conflicts that often fail to be psychically elaborated. This is the case of an adolescent who engaged in several suicidal acts during dissociative episodes, while being intensely overwhelmed by parricidal fantasies. This failure of psychic elaboration may lead to a subjective impasse where unprocessed fantasies become overwhelming and contribute to self-destructive behavior. By combining clinical interviews with material from the Thematic Apperception Test (TAT), we assess the impact of these dynamics on adolescent identity formation. The findings are discussed in light of previous research on parricidal acts and melancholic processes in adolescence. Particular attention is given to the therapeutic value of restitution interviews, which may open new avenues for clinical intervention with adolescents in the aftermath of a suicide attempt.
786 0 _nCahiers de psychologie clinique | 66 | 1 | 2026-03-12 | p. 257-272 | 1370-074X
856 4 1 _uhttps://shs.cairn.info/journal-cahiers-de-psychologie-clinique-2026-1-page-257?lang=en&redirect-ssocas=7080
999 _c2209413
_d2209413